000 02022nam a2200289 i 4500
001 000048314
003 DO-SdBNP
005 20240206140626.0
007 ta
008 190122s2019 dr a r 000 0 spa d
040 _aDO-SdBNP
_bspa
_cBNPHU
_erda
082 4 _bR426p, 2019
_222
110 2 _aRepública Dominicana
_bDirección General de Presupuesto
_974075
245 1 0 _aPresupuesto ciudadano 2019 :
_bley no. 61-18 del presupuesto general del Estado 2019 /
264 1 _aSanto Domingo :
_bMinisterio de Hacienda,
_bDirección General de Presupuesto,
_c[2019].
300 _a21 páginas
_bilustraciones
_c22 cm.
336 _2rdacontent
_atexto
_btxt
337 _2rdamedia
_asin mediación
_bn
338 _2rdacarrier
_avolumen
_bnc
505 _t¿Cómo se elabora el presupuesto? 6 --
_t¿Qué contempla la ley 61-18 del presupuesto general del Estado 2019? 7 --
_tPrincipales variables macroeconómicas que se usaron para elaborar la ley no. 61-18 del presupuesto general del Estado 2019 8 --
_tPilares fundamentales que sirvieron de base para la elaboración de la ley no. 61-18 del presupuesto general del Estado 2019 9 --
_tDe cada 100 pesos que reciba el gobierno en 2019 provendrán de 10 --
_tEn el 2019, se tomará prestado de 11 --
_tCada 100 pesos que gaste el Gobierno se destinarán a 12 --
_t¿Quién lo gastará? (Clasificación institucional) Millones RD$ 13 --
_t ¿En qué se gastará? (Clasificación económica) Millones RD$ 14 --
_tPrincipales proyectos de inversión Millones RD$ 15 --
_t¿Para qué se gastará) (Clasificación funcional) Millones RD$ 16 --
_tPara el 2019 se continuará con la reducción del déficit del Gobierno 17 --
_t¿Dónde se consigue más información acerca del Presupuesto? 18
590 _aInventariado, 2019/DG
650 4 _aPresupuesto nacional
_zRepública Dominicana
_y2016
_975735
650 4 _aHacienda pública
_zRepública Dominicana
_96562
651 4 _aRepública Dominicana
_xGastos Presupuestarios Públicos
_936795
910 _aDG
942 _2ddc
_cLF2
999 _c52388
_d52388